Výklad stanov stavebních bytových družstev

Gespeichert in:
Bibliographische Detailangaben
Format: Buch
Sprache:Tschechisch
Veröffentlicht: Praha Svépomoc 1982
Tags: Tag hinzufügen
Keine Tags, Fügen Sie das erste Tag hinzu!

MARC

LEADER 00000nam a2200000 4500
001 c137421
005 20041019155309.9
041 0 |a cze 
044 |a CZ 
245 1 0 |a Výklad stanov stavebních bytových družstev 
264 1 |a Praha  |b Svépomoc  |c 1982 
300 |a 461 s.